| 000 | 00450cam a2200157u 4500 | ||
|---|---|---|---|
| 082 |
_a297.8 _bABU _cL-31,p-73 |
||
| 100 | 1 |
_aMaudoodi, Syed Abul ʻAla, _937516 |
|
| 245 | 1 | 2 | _aA short history of the revivalist movement in Islam, |
| 250 | _a[1st ed.] | ||
| 260 |
_aLahore, _bIslamic Publications, _c1963. |
||
| 300 |
_avii, 156 p. _c19 cm. |
||
| 526 |
_a0 _b0 _c0 _d297_800000000000000_ABU |
||
| 650 | 0 | _aIslam | |
| 650 | 0 |
_aMCE _9379 |
|
| 942 |
_2ddc _cBK |
||
| 999 |
_c542380 _d542380 |
||